| 000 | 01465cam a2200349 a 4500 | ||
|---|---|---|---|
| 001 | 2087011 | ||
| 003 | NUST-PNEC | ||
| 005 | 20170116180701.0 | ||
| 008 | 950330s1995 nyua b 001 0 eng | ||
| 010 | _a 95015649 | ||
| 020 | _a0471033782 | ||
| 040 |
_aDLC _cPNEC _dDLC |
||
| 050 | 0 | 0 |
_aQA402.3 _b.L487 1995 |
| 082 | 0 | 0 | _a629.8312 LEW |
| 100 | 1 | _aLewis, Frank L. | |
| 245 | 1 | 0 |
_aOptimal control / _cFrank L. Lewis, Vassilis L. Syrmos. |
| 250 | _a2nd ed. | ||
| 260 |
_aNew York : _bWiley, _cc1995. |
||
| 300 |
_axi, 541 p. : _bill. ; _c25 cm. |
||
| 500 | _ahttp://www.amazon.com/Optimal-Control-Frank-L-Lewis/dp/0471033782/ref=sr_1_1?s=books&ie=UTF8&qid=1410247083&sr=1-1&keywords=0471033782 | ||
| 500 | _a"A Wiley-Interscience publication." | ||
| 504 | _aIncludes bibliographical references (p. 529-534) and index. | ||
| 650 | 0 |
_aControl theory. _xMIS, ME |
|
| 650 | 0 | _aMathematical optimization. | |
| 700 | 1 | _aSyrmos, Vassilis L. | |
| 856 | 4 | 2 |
_3Contributor biographical information _uhttp://www.loc.gov/catdir/bios/wiley042/95015649.html |
| 856 | 4 | 2 |
_3Publisher description _uhttp://www.loc.gov/catdir/description/wiley034/95015649.html |
| 856 | 4 |
_3Table of Contents _uhttp://www.loc.gov/catdir/toc/onix05/95015649.html |
|
| 906 |
_a7 _bcbc _corignew _d1 _eocip _f19 _gy-gencatlg |
||
| 942 |
_2ddc _cBK |
||
| 999 |
_c60566 _d60566 |
||